| 000 | 00603cam a22002171 4500 | ||
|---|---|---|---|
| 001 | sa 65009341 | ||
| 003 | DLC | ||
| 005 | 20260227112201.0 | ||
| 008 | 890420r1964uuuuio a 000 0 ind | ||
| 010 | _asa 65009341 | ||
| 035 | _a(OCoLC)23547501 | ||
| 040 |
_aDLC _cMiU _dDLC |
||
| 042 | _apremarc | ||
| 050 | 0 | 0 |
_aHD37 _b.P8 |
| 100 | 1 | _aPurba, Radiks. | |
| 245 | 1 | 0 |
_aKalkulasi tarif prestasi; _badministrasi perusahaan modern. _cModern business administration. |
| 250 | _a[Tjet. 1. | ||
| 260 |
_aDjakarta] _bRosadi _c[1964] |
||
| 300 |
_a212 p. _billus. _c22 cm. |
||
| 650 | 0 | _aIndustrial management | |
| 999 |
_c66151 _d66151 |
||